00537nam a2200169Ia 4500008004100000100002200041245005100063245002200114260005900136260000900195300001200204650001800216650001500234856002600249999001900275952007300294170221s9999 xx 000 0 und d aDeborah H. Lester aSocial Media: Changing Advertising Education  cDeborah H. Lester bOnline Journal of Communication and Media Technologies c2013 a33 : 14 xCommunication xMedia Arts uhttp://www.ojcmt.net/ c311123d311123 001040aCLbCLd2017-02-21l0r2017-02-21 00:00:00w2017-02-21yFOJ